Beszámoló a szakmai gyakorlatomról

Bibliographic Details
Main Author: Józó Szilvia
Other Authors: Zelena Dr. András
Format: Final Paper
Kulcsszavak:Marketingkommunikáció
Szakmai gyakorlat
Kríziskommunikáció
Online Access:http://dolgozattar.uni-bge.hu/15533

MARC

LEADER 00000nta a2200000 i 4500
001 dolg15533
005 20200422052458.0
008 180507suuuu hu o 000 hun d
040 |a BGE Dolgozattár Repozitórium  |b hun 
041 |a hu 
100 1 |a Józó Szilvia 
245 1 0 |a Beszámoló a szakmai gyakorlatomról  |c Józó Szilvia  |h [elektronikus dokumentum] 
246 1 1 |a Beszámoló a szakmai gyakorlatomról 
516 |a Final_paper 
695 |a Marketingkommunikáció 
695 |a Szakmai gyakorlat 
695 |a Kríziskommunikáció 
700 1 |a Zelena Dr. András  |e ths 
856 4 0 |u http://dolgozattar.uni-bge.hu/15533/1/Szakdolgozat-%20J%C3%B3z%C3%B3%20Szilvia.pdf  |z Dokumentum-elérés 
856 4 0 |u http://dolgozattar.uni-bge.hu/15533/7/bizalmas%20J.SZ.pdf  |z Dokumentum-elérés